00364 a2200109 4500001001000000005001700010008004100027245007700068100002100145773007100166999001700237ART_4347820260410162024.0260409a 10aThe impact of federal overtime legislationon public sector labor markets1 aJohnson, John H.0 tJournal of labor economicsg- Vol. 21, NÂș 1 (ene. 2003)wREV43438 c33398d33398